Монтаж и эксплуатация теплоэнергетических систем: учебное пособие

Bibliografiske detaljer
Hovedforfatter: Корягин М. В. Михаил Владимирович
Andre forfattere: Пузиков Н. Т. Николай Тимофеевич, Болдин С. В.
Summary:Приведены сведения о монтаже оборудования теплоэнергетических систем и эксплуатации систем газоснабжения, теплоснабжения и теплогенерирующих установок. Рассмотрены особенности эксплуатации теплогенерирующсго оборудования. Для студентов направления подготовки 08.03.01 "Строительство", профиль "Теплогазоснабжение и вентиляция" и 13.03.01 "Теплоэнергетика и теплотехника", профиль "Промышленная теплоэнергетика".
Sprog:russisk
Udgivet: Москва, Инфра-Инженерия, 2025
Fag:
Format: MixedMaterials Bog
KOHA link:https://koha.lib.tpu.ru/cgi-bin/koha/opac-detail.pl?biblionumber=682538

MARC

LEADER 00000nam0a2200000 4500
001 682538
005 20251117141748.0
010 |a 978-5-9729-2626-8 
090 |a 682538 
100 |a 20251024d2025 m||y0rusy50 ca 
101 0 |a rus 
102 |a RU 
105 |a a j 001yy 
181 0 |a i   |b  e  
182 0 |a n 
183 0 |a nc  |2 RDAcarrier 
200 1 |a Монтаж и эксплуатация теплоэнергетических систем  |e учебное пособие  |f М. В. Корягин, Н. Т. Пузиков, С. В. Болдин 
203 |a Текст  |b визуальный  |c непосредственный 
210 |a Москва  |a Вологда  |c Инфра-Инженерия  |d 2025 
215 |a 139 с.  |c ил., табл. 
283 |a volume  |2 RDAcarrier 
320 |a Литература: с. 136-137 
330 |a Приведены сведения о монтаже оборудования теплоэнергетических систем и эксплуатации систем газоснабжения, теплоснабжения и теплогенерирующих установок. Рассмотрены особенности эксплуатации теплогенерирующсго оборудования. Для студентов направления подготовки 08.03.01 "Строительство", профиль "Теплогазоснабжение и вентиляция" и 13.03.01 "Теплоэнергетика и теплотехника", профиль "Промышленная теплоэнергетика". 
606 |a Промышленная теплоэнергетика  |x Теплоснабжение зданий  |9 70734 
610 1 |a промышленные предприятия 
610 1 |a теплоэнергетические системы 
610 1 |a эксплуатационные показатели 
610 1 |a персонал 
610 1 |a техническая документация 
610 1 |a техническое обслуживание 
610 1 |a ремонт 
610 1 |a котлы 
610 1 |a технологическое оборудование 
610 1 |a монтаж 
610 1 |a теплогенерирующие установки 
610 1 |a теплоиспользующие установки 
610 1 |a эксплуатация 
610 1 |a системы газоснабжения 
610 1 |a наладка 
610 1 |a тепловые сети 
610 1 |a котельные установки 
610 1 |a котлоагрегаты 
610 1 |a автоматизация 
610 1 |a учебные пособия 
675 |a 658.264  |v 4 
700 1 |a Корягин  |b М. В.  |g Михаил Владимирович 
701 1 |a Пузиков  |b Н. Т.  |g Николай Тимофеевич 
701 1 |a Болдин  |b С. В.  |d Сергей Валентинович 
801 0 |c 20251024  |a RU  |b 63413507 
942 |c BK